000 00997cam a2200265 i 4500
001 58859
005 20230522171641.0
008 140415s2003 mx r 000 0 spa d
020 _a9688637041
040 _aMX-PuUPA
_bspa
_erda
_cMx-PuUPA
_dMx-PuUPA
041 _aspa
082 0 _a378.37097248
_bMEZ
100 1 _aMeza Rojas, Patricia,
_eautor
_93199
245 1 0 _aPerfiles de egresados y áreas de oportunidad de la manufactura poblana /
_cPatricia Meza Rojas.
250 _aPrimera edición
264 1 _aPuebla, Pue. :
_bInstituto de Ciencias Sociales y Humanidades, Benemérita Universidad Autónoma de Puebla,
_c2003
300 _a240 páginas :
_bgráficas ;
_c28 cm.
336 _atexto
_2rdacontent
337 _asin mediación
_2rdamedia
338 _avolumen
_2rdacarrier
650 4 _aHabilidades para la vida
_zMéxico
_zPuebla
650 4 _aEducación basada en competencias
_zMéxico
_zPuebla
650 4 _aArte de vivir
999 _c58859
_d58859
942 _h378.37097248
_iMEZ
_cLI